| 000 | 00350nam a2200109Ia 4500 | ||
|---|---|---|---|
| 008 | 160909s9999 xx 000 0 und d | ||
| 100 | _aAljowaie, Aliah | ||
| 245 | 4 | _aThe role of courage in female leadership | |
| 260 |
_bPepperdine University. _c2016 |
||
| 650 | _aENTREPRENEURSHIP | ||
| 856 | _uhttp://pqdtopen.proquest.com/doc/1805096772.html?FMT=ABS | ||
| 999 |
_c304466 _d304466 |
||